[Event "Montigny le Bretonneux Noel op 10th"]
[Site "Montigny le Bretonneux"]
[Date "2007.10.28"]
[Round "2"]
[White "De Luise, Anthony"]
[Black "Bouvier, Clement"]
[Result "1/2-1/2"]
[WhiteElo "1760"]
[BlackElo "1668"]
[PlyCount "54"]
[EventDate "2007.12.26"]
[EventType "swiss"]
[EventRounds "7"]
[EventCountry "FRA"]
[SourceTitle "EXT 2008"]
[Source "ChessBase"]
[SourceDate "2007.11.25"]
[SourceVersion "1"]
[SourceVersionDate "2007.11.25"]
[SourceQuality "1"]

1. e4 g6 2. d4 Bg7 3. Nf3 d6 4. Be3 c5 5. Nc3 Qb6 6. Rb1 cxd4 7. Bxd4 Bxd4 8. Qxd4 Qxd4 9. Nxd4 a6 10. Rd1 Bd7 11. Nd5 Kd8 12. Nb6 Ra7 13. Nxd7 Nxd7 14. Bc4 Ke8 15. 0-0 Ngf6 16. Rfe1 b5 17. Bd3 Nc5 18. f3 Nxd3 19. Rxd3 Rc7 20. Red1 Nd7 21. c3 Kf8 22. Nb3 Kg7 23. f4 Nb6 24. Nd2 Na4 25. Rb1 Nc5 26. Re3 Rb8 27. a3 Na4 1/2-1/2

[Event "Elancourt op 10th"]
[Site "Elancourt"]
[Date "2007.04.18"]
[Round "6"]
[White "Le Port, Luc"]
[Black "De Luise, Anthony"]
[Result "1-0"]
[WhiteElo "1320"]
[BlackElo "1410"]
[PlyCount "123"]
[EventDate "2007.04.14"]
[EventType "swiss"]
[EventRounds "9"]
[EventCountry "FRA"]
[SourceTitle "CBM 118 Extra"]
[Source "ChessBase"]
[SourceDate "2007.07.04"]
[SourceVersion "1"]
[SourceVersionDate "2007.07.04"]
[SourceQuality "1"]

1. Nf3 Nf6 2. d4 d5 3. c4 e6 4. e3 c6 5. Nc3 Bb4 6. Bd2 Nbd7 7. Bd3 0-0 8. 0-0 Re8 9. Nxd5 Nxd5 10. cxd5 Bxd2 11. dxe6 Rxe6 12. Qxd2 Qc7 13. Qc2 Rh6 14. g3 Nf6 15. e4 Qd7 16. Rfd1 Qh3 17. Bf1 Qh5 18. Bg2 Bg4 19. Qe2 Re8 20. e5 Nd5 21. Qe4 Bxf3 22. Qxf3 Qxh2+ 23. Kf1 Qh5 24. Qxh5 Rxh5 25. Bxd5 cxd5 26. Rac1 Rh1+ 27. Ke2 Rxd1 28. Kxd1 h6 29. Rc7 Kf8 30. Rxb7 Re7 31. Rxe7 Kxe7 32. b4 Kd7 33. Kd2 Kc6 34. a4 g5 35. g4 Kb6 36. Ke3 Kc6 37. f4 Kb6 38. f5 Kc6 39. b5+ Kb6 40. Kd3 Kc7 41. Kc3 Kb6 42. Kb4 Kc7 43. Kc5 Kd7 44. a5 h5 45. gxh5 g4 46. h6 g3 47. h7 g2 48. h8Q g1Q 49. e6+ Ke7 50. exf7 Qc1+ 51. Kxd5 Kxf7 52. Qh7+ Kf6 53. Qg6+ Ke7 54. f6+ Kd8 55. Qg8+ Kd7 56. Qe6+ Kd8 57. Qe7+ Kc8 58. Qc5+ Qxc5+ 59. dxc5 Kd7 60. c6+ Ke8 61. c7 Kd7 62. f7 1-0